| 000 | 00533nam a22001457a 4500 | ||
|---|---|---|---|
| 008 | 140827b xxu||||| |||| 00| 0 eng d | ||
| 020 | _a0406093989 | ||
| 050 | _aKD277.7.L39(1963 vol.2) | ||
| 245 | _aThe Law Reports (1963 vol.2). Queen's Bench Division: and on appeal therefrom in the Court of Appeal and decisions in the Court of Criminal Appeal. / | ||
| 260 |
_aLondon: _bButterworth and Co Ltd, _c1963. |
||
| 300 |
_aix, 823 p.: _c24cm. |
||
| 440 |
_pQueen's Bench Division _vVol 2 |
||
| 800 | _aColinvaux, R.P. | ||
| 942 |
_2lcc _cBK |
||
| 999 |
_c3808 _d11308 |
||